Irrigation system project water resource from slakou river basin in takeo province, គំរោងបង្កើតប្រព័ន្ធធារាសាស្រ្តស្រោចស្រពមានប្រភពទឹកពីស្ទឹងស្លាគូ ខេត្តតាកែវ (Record no. 4590)

000 -LEADER
fixed length control field 00665nam a22001577a 4500
003 - CONTROL NUMBER IDENTIFIER
control field OSt
005 - DATE AND TIME OF LATEST TRANSACTION
control field 20151216150552.0
008 - FIXED-LENGTH DATA ELEMENTS--GENERAL INFORMATION
fixed length control field 151216b xxu||||| |||| 00| 0 eng d
040 ## - CATALOGING SOURCE
Transcribing agency RUA
082 ## - DEWEY DECIMAL CLASSIFICATION NUMBER
Classification number ATM OUK 2001 B192 Or.1
100 ## - MAIN ENTRY--PERSONAL NAME
9 (RLIN) 4941
Personal name OUK, VANNRITH.
245 ## - TITLE STATEMENT
Title Irrigation system project water resource from slakou river basin in takeo province, គំរោងបង្កើតប្រព័ន្ធធារាសាស្រ្តស្រោចស្រពមានប្រភពទឹកពីស្ទឹងស្លាគូ ខេត្តតាកែវ
260 ## - PUBLICATION, DISTRIBUTION, ETC. (IMPRINT)
Place of publication, distribution, etc. Phnom Penh
Name of publisher, distributor, etc. RUA
Date of publication, distribution, etc. 2001
300 ## - PHYSICAL DESCRIPTION
Extent 53p.
Other physical details ill.
Dimensions 29cm.
942 ## - ADDED ENTRY ELEMENTS (KOHA)
Source of classification or shelving scheme
Koha item type ATM
Holdings
Price effective from Date last seen Permanent Location Not for loan Date acquired Source of classification or shelving scheme Koha item type Lost status Withdrawn status Date last checked out Total Checkouts Shelving location Damaged status Barcode Current Location Full call number
2015-12-162019-04-26Library Block B 2015-12-16 ATM  2019-03-042B192 RUA020757Library Block BATM OUK 2001 B192 Or.1
មជ្ឈមណ្ឌលឯការនៃសាកលវិទ្យាល័យភូមិន្ទកសិកម្មចំការដូង

Powered by Koha